000 01014nam a2200253 i 4500
001 25919
003 ES-MaACL
005 20230915204613.0
007 t|
008 030103s1882 sp ||||1| spa d
080 _a94(740)
080 _a17.037
100 1 _aArnau e Ibáñez, Joaquín.
_923057
245 1 0 _aRusia ante el Occidente
_b: estudio crítico del nihilismo /
_cpor Joaquín Arnau e Ibáñez ; con un prólogo de José de Carvajal.
260 _aMadrid ;
_aZaragoza :
_b[s.n.],
_c1882 (
_fImp. de El Demócrata) (Imp. de Calisto Ariño)
300 _aXXXI, 457 p. ;
_c20 cm.
596 _aEn port. aparecen dos fechas de publicación: 1881 y 1882; en el prólogo aparece 1882.
650 4 _aNihilismo (Filosofía)
_915540
651 4 _aRusia-
_xHistoria.
_99330
700 1 _aCarvajal y Hué, José de,
_d1834-1899
_935945
852 4 _aES-MaACL
_jG-7614
_z- Legado Modesto Lafuente
852 4 _aES-MaACL
_jC-1039
_z- Dedicatoria autógrafa del autor
999 _c25919
_d25919